Historia general de los ferrocarriles españoles : (Registro nro. 23165)

Detalles MARC
000 -Cabecera
Campo de control interno 00472nam a2200181Ia 4500
005 - Fecha y hora del registro
control field 20260414150919.0
008 - Elementos de Longitud Fija
fixed length control field 260414t1967||||xx |||||||||||||| ||spa||
041 ## - Idioma
Codigo Idioma ESP
082 ## - DEWEY y NOTACIÓN INTERNA
Dewey 625.10946
Notación Interna W17
100 ## - AUTOR
Autor denominación Wais San Martín, Francisco
Término de relación autor
245 #0 - TÍTULO DE MATERIAL BIBLIOGRÁFICO
Título Historia general de los ferrocarriles españoles :
Título paralelo (1830 - 1941)
260 ## - CIUDAD, EDITORIAL, AÑO
Año 1967
300 ## - DESCRIPCIÓN
N° Páginas 383 páginas :
Dimensiones 25 cm.
650 ## - TEMAS
Temas
654 ## - PROGRAMAS
Programa Dpto. de Ingeniería Civil
942 ## - ELEMENTOS DE KOHA
Tipo de documento Libro
Nombre del creador Justo Noguera
Código de catalogador Justo Noguera
Esquema de clasificación Dewey Decimal Classification
Suppress in OPAC
Existencias
Codigo completo Registro Colección Copia número Disponibilidad Tipo de préstamo Biblioteca Actual Procedencia (Biblioteca) Ubicacón Fecha Ingreso Tipo de Adquisición Date last seen Total checkouts Price effective from Tipo de Item Estado del Material Damaged status Withdrawn status
625.10946 W17 1051452 Universidad Católica San Pablo 1 Disponible Disponible Víctor Andrés Belaunde Víctor Andrés Belaunde Segundo piso 14/04/2026 Donación 14/04/2026   14/04/2026 Libro Bueno